• 首页
  • 本馆介绍
  • 公告通知
  • 最新文献
  • 馆藏检索
  • 电子资源
  • 读者导购
  • 参考咨询
  • 我的图书馆
  • 登录
  • 详细信息显示
  • 放入我的书架
  • 预约/预借图书
  • 作者相关作品
  • 分类相关作品
  • 丛书相关作品
  • 出版社相关作品

书目信息

  • 表格格式
  • 工作单格式
  • 卡片格式
题名:
指路能手
    
 
作者: 李耀军 编著
分册:  
出版信息: 西安   未来出版社  2019.08
页数: 162页
开本: 24cm
丛书名: 改变世界的航天计划丛书
单 册:
中图分类: P228.4-49 , TN967.1-49
科图分类:
主题词: 全球定位系统--quan qiu ding wei xi tong--卫星导航--普及读物
电子资源:
ISBN: 978-7-5417-6753-1
000 01224nam 2200325 450
001 0106081828
005 20201106082045.0
010    @a978-7-5417-6753-1@dCNY29.80
100    @a20200408d2019 em y0chiy50 ea
101 0  @achi
102    @aCN@b610000
105    @aa z 000yy
106    @ar
200 1  @a指路能手@Azhi lu neng shou@e卫星定位导航系统计划@f李耀军编著
210    @a西安@c未来出版社@d2019.08
215    @a162页@c彩图@d24cm
225 2  @a改变世界的航天计划丛书@Agai bian shi jie de hang tian ji hua cong shu
225 2  @a未来童书@Awei lai tong shu@i科普馆@v87
300    @a国家出版基金项目
330    @a本书将向读者介绍定位导航卫星的功能与原理,介绍美国GPS系统计划的实施,俄罗斯、欧洲分别开展的定位卫星计划,以及有着中国特色的“北斗”导航卫星系统研制、发射与组网计划。
461  0 @12001 @a改变世界的航天计划丛书
461  0 @12001 @a未来童书
462  0 @12001 @a科普馆
517 1  @a卫星定位导航系统计划@Awei xing ding wei dao hang xi tong ji hua
606 0  @a全球定位系统@Aquan qiu ding wei xi tong@x卫星导航@j普及读物
690    @aP228.4-49@v5
690    @aTN967.1-49@v5
701  0 @a李耀军@Ali yao jun@4编著
801  0 @aCN@bBJSZM@c20201106
905    @b1192504-7@dP228.4-49@e336@f4
    
    指路能手:卫星定位导航系统计划/李耀军编著.-西安:未来出版社,2019.08
    162页:彩图;24cm.-(改变世界的航天计划丛书).-(未来童书.科普馆;87)
    国家出版基金项目
    
    ISBN 978-7-5417-6753-1:CNY29.80
    本书将向读者介绍定位导航卫星的功能与原理,介绍美国GPS系统计划的实施,俄罗斯、欧洲分别开展的定位卫星计划,以及有着中国特色的“北斗”导航卫星系统研制、发射与组网计划。
●
相关链接 在E读中查询图书 在五车中查询图书 在当当中查询图书 在豆瓣中查询图书


正题名:指路能手     索取号:P228.4-49/336         预约/预借

序号 登录号 条形码 馆藏地/架位号 状态 备注
1 1192504   211925041   第二样本阅览室/ [索取号:P228.4-49/336] 在馆    
2 1192505   211925050   第三借阅区/ [索取号:P228.4-49/336] 在馆    
3 1192506   211925069   第三借阅区/ [索取号:P228.4-49/336] 在馆    
4 1192507   211925078   第三借阅区/ [索取号:P228.4-49/336] 在馆    
唐山师范学院图书馆 欢迎您!
大连网信软件有限公司© 版权所有